From 'Mission-Shaped' to 'Jesus-Shaped' Church : Hospitality as a Missiological Agenda in the Church of England /
Hospitality is often invoked without question in Church of England discourse, but the importance of the practice to contemporary mission has not been subject to detailed analysis. This book provides otherwise elusive in-depth theological examination of the scope of Christian understandings of hospit...
المؤلف الرئيسي:
التنسيق: كتاب الكتروني
اللغة: English
منشور في:
Leiden ; Boston :
Brill,
2025.
سلاسل:
Anglican-Episcopal Theology and History ;
12.
Religious Studies, Theology and Philosophy E-Books Online, Collection 2025.
الموضوعات:
الوصول للمادة أونلاين: Login to view Source
الوسوم: إضافة وسم
رقم الطلب: BT77
| LEADER | 02834nam a22004938i 4500 | ||
|---|---|---|---|
| 001 | BRILL9789004710856 | ||
| 003 | nllekb | ||
| 005 | 20250416201611.0 | ||
| 006 | m d | ||
| 007 | cr un uuuua | ||
| 008 | 241115s2025 gw sb 001 0 eng d | ||
| 020 | |a 9789004710856 |q (electronic book) | ||
| 020 | |z 9789004710849 |q (print) | ||
| 024 | 7 | |a 10.1163/9789004710856 |2 DOI | |
| 035 | |z (OCoLC)1451791461 | ||
| 040 | |a NL-LeKB |c NL-LeKB |e rda | ||
| 041 | |a eng | ||
| 050 | 4 | |a BT77 | |
| 072 | 7 | |a HRCC91 |2 bicssc | |
| 072 | 7 | |a REL |x 003000 |2 bisacsh | |
| 072 | 7 | |a REL |x 027000 |2 bisacsh | |
| 082 | 0 | 4 | |a 230 |2 23 |
| 100 | 1 | |a Corss, Susan Beverley, |e author. | |
| 245 | 1 | 0 | |a From 'Mission-Shaped' to 'Jesus-Shaped' Church : |b Hospitality as a Missiological Agenda in the Church of England / |c Susan Beverley Corss. |
| 246 | 3 | |a Hospitality as a Missiological Agenda in the Church of England | |
| 264 | 1 | |a Leiden ; |a Boston : |b Brill, |c 2025. | |
| 264 | 4 | |c ©2025 | |
| 300 | |a 1 online resource (308 pages) : |b illustrations. | ||
| 336 | |a text |b txt |2 rdacontent | ||
| 337 | |a computer |b c |2 rdamedia | ||
| 338 | |a online resource |2 rdacarrier | ||
| 490 | 1 | |a Anglican-Episcopal Theology and History ; |v 12 | |
| 490 | 1 | |a Religious Studies, Theology and Philosophy E-Books Online, Collection 2025 | |
| 504 | |a Includes bibliographical references and index. | ||
| 520 | |a Hospitality is often invoked without question in Church of England discourse, but the importance of the practice to contemporary mission has not been subject to detailed analysis. This book provides otherwise elusive in-depth theological examination of the scope of Christian understandings of hospitality. From feasting in the Hebrew Scriptures, and foot-washing in the New Testament, to online Communion during the COVID-19 pandemic, hospitality is more than 'welcome', or the evangelistic hospitality of the Alpha Course or Messy Church. So this book encompasses racism, ageing, poverty, tragedy, storytelling, minds, bodies and belonging, as well as the implications of allying food to Christian formation. It shows that Christian hospitality has relevance not only to mission, but also to ecclesiology, eschatology, disability theology, and social and ecological justice. | ||
| 546 | |a English | ||
| 588 | |a Description based on print version record. | ||
| 650 | 0 | |a Theology and World Christianity. | |
| 776 | 0 | 8 | |i Print version: |t From 'Mission-Shaped' to 'Jesus-Shaped' Church : Hospitality as a Missiological Agenda in the Church of England. |d Leiden ; Boston : Brill, 2025. |z 9789004710849 |
| 830 | 0 | |a Anglican-Episcopal Theology and History ; |v 12. | |
| 830 | 0 | |a Religious Studies, Theology and Philosophy E-Books Online, Collection 2025. | |
| 856 | 4 | |z DOI: |u http://dx.doi.org/10.1163/9789004710856 | |
| 942 | |2 lcc |c EBOOK | ||
| 999 | |c 60783 |d 60783 | ||
